[Event "Online Olym Div3 B 2020"]
[Site "chess.com INT"]
[Date "2020.07.07"]
[Round "3.3"]
[Board "4"]
[White "Mariam, Essa"]
[Black "Besa, Masaiti"]
[Result "1/2-1/2"]
[BlackTitle "WFM"]
[WhiteElo "1561"]
[BlackElo "1768"]
[WhiteTeam "United Arab Emirates"]
[BlackTeam "Botswana"]
[WhiteFideId "9306480"]
[BlackFideId "11310570"]
[EventDate "2020.07.07"]
[EventType "team"]

1. e4 c5 2. Nc3 g6 3. d4 cxd4 4. Qxd4 Nf6 5. h3 Nc6 6. Qe3 Bg7 7. Bb5 d5 8. Nge2
O-O 9. Bxc6 bxc6 10. O-O Ba6 11. Rd1 e6 12. exd5 cxd5 13. Nd4 Re8 14. Qg3 Qb6
15. Na4 Qa5 16. b3 Ne4 17. Qe3 Rec8 18. Bb2 Bb5 19. f3 Ng3 20. Nxe6 Bxb2 21.
Nxb2 fxe6 22. Qxe6+ Kh8 23. Qe5+ Kg8 24. Qxd5+ Kg7 25. Qe5+ Kg8 26. Qxg3 Rxc2
27. Nc4 Bxc4 28. bxc4 Rxc4 29. Qd6 Qb6+ 30. Qxb6 axb6 31. Rd7 Rc2 32. Rb7 Ra6
33. a4 Rc4 34. Kf2 Rcxa4 35. Rxa4 Rxa4 36. Rxb6 Ra2+ 37. Kg3 Kf7 38. Rb7+ Kg8
39. f4 Rd2 40. Kf3 Ra2 41. g3 Ra3+ 42. Kg4 h6 43. Kh4 Ra4 44. Kg4 Ra3 45. Re7
Ra4 46. h4 Ra3 47. Rc7 Rb3 48. Rc6 Kg7 49. Rc7+ Kf6 50. Rc6+ Kf7 51. Rc7+ Ke6
52. Rc6+ Kf7 53. Rc7+ Kg8 54. h5 gxh5+ 55. Kxh5 Rxg3 56. Kxh6 Rg4 57. f5 Rg3 58.
f6 Kf8 59. Kh7 Rh3+ 60. Kg6 Rg3+ 61. Kf5 Rf3+ 62. Kg5 Rg3+ 63. Kf4 Rg1 64. Ke5
Re1+ 65. Kd4 Rd1+ 66. Ke3 Rf1 67. Rc6 Kf7 68. Rc7+ Kxf6 69. Rc8 1/2-1/2

[Event "Online Olym Div3 B 2020"]
[Site "chess.com INT"]
[Date "2020.07.07"]
[Round "3.3"]
[Board "5"]
[White "Elias Thabo"]
[Black "Ammar, Sedrani"]
[Result "0-1"]
[WhiteTitle "CM"]
[BlackTitle "FM"]
[WhiteElo "1807"]
[BlackElo "2274"]
[WhiteTeam "Botswana"]
[BlackTeam "United Arab Emirates"]
[WhiteFideId "11312610"]
[BlackFideId "9312331"]
[EventDate "2020.07.07"]
[EventType "team"]

1. d4 d5 2. Nc3 Bf5 3. f3 e6 4. e4 Bg6 5. Be3 Bb4 6. e5 c5 7. f4 Nc6 8. Nf3 Nge7
9. Bb5 O-O 10. O-O Nf5 11. Bf2 Ncxd4 12. Nxd4 Nxd4 13. Bd3 Bxd3 14. Qxd3 Nc6 15.
Qh3 c4 16. Rad1 Re8 17. Ne4 Be7 18. Qg4 b6 19. Ng3 Kh8 20. Qh5 g6 21. Qf3 Bc5
22. Bxc5 bxc5 23. Qf2 Qe7 24. c3 Rab8 25. Rb1 Rb5 26. Qc2 Reb8 27. b3 Qb7 28.
Nh1 cxb3 29. axb3 Rxb3 30. Rbc1 c4 31. Nf2 a5 32. Qe2 Ne7 33. Qg4 Nf5 34. Qg5
Qe7 35. Qxe7 Nxe7 36. Nd1 a4 37. Ra1 a3 38. Kf2 d4 39. cxd4 Nd5 40. Ke2 Rb2+ 41.
Nxb2 axb2 42. Rab1 c3 43. Kd3 c2 44. Kxc2 Ne3+ 45. Kc3 Nxf1 46. Rxb2 Rxb2 47.
Kxb2 Ne3 48. g3 Nf1 49. g4 h5 50. gxh5 gxh5 51. f5 Nxh2 52. d5 exd5 53. Kc3 Nf3
54. e6 fxe6 55. fxe6 Kg7 56. Kb4 Kf6 0-1

[Event "Online Olym Div3 B 2020"]
[Site "chess.com INT"]
[Date "2020.07.07"]
[Round "3.3"]
[Board "6"]
[White "Khalil, Hanan"]
[Black "Marape, Naledi"]
[Result "0-1"]
[BlackTitle "WFM"]
[WhiteElo "1377"]
[BlackElo "1689"]
[WhiteTeam "United Arab Emirates"]
[BlackTeam "Botswana"]
[WhiteFideId "9309950"]
[BlackFideId "11310880"]
[EventDate "2020.07.07"]
[EventType "team"]

1. e4 c5 2. Nc3 d6 3. g3 Nf6 4. Bg2 e6 5. d3 Nc6 6. Nge2 Be7 7. O-O O-O 8. f4 a6
9. h3 Qc7 10. g4 Rd8 11. f5 b5 12. Qe1 b4 13. Nd1 d5 14. Nf2 Ra7 15. g5 Ne8 16.
Ng4 Bf8 17. Qh4 Ne7 18. f6 Ng6 19. Qh5 Rd7 20. Nf4 Bd6 21. fxg7 Bxf4 22. Bxf4
Nxf4 23. Qh4 Ng6 0-1

[Event "Online Olym Div3 B 2020"]
[Site "chess.com INT"]
[Date "2020.07.07"]
[Round "3.4"]
[Board "1"]
[White "Song, Raymond"]
[Black "Khusenkhojaev, Muhammad"]
[Result "1/2-1/2"]
[WhiteTitle "IM"]
[BlackTitle "IM"]
[WhiteElo "2485"]
[BlackElo "2399"]
[WhiteTeam "Chinese Taipei"]
[BlackTeam "Tajikistan"]
[WhiteFideId "3203824"]
[BlackFideId "14700247"]
[EventDate "2020.07.07"]
[EventType "team"]

1. e4 e5 2. Nf3 Nc6 3. Bb5 a6 4. Ba4 Nf6 5. O-O Be7 6. Re1 b5 7. Bb3 d6 8. c3
O-O 9. h3 Nb8 10. d4 Nbd7 11. Nbd2 Bb7 12. Bc2 Re8 13. Nf1 Bf8 14. Ng3 g6 15. a4
c5 16. d5 c4 17. Bg5 h6 18. Be3 Nc5 19. Qd2 h5 20. Bxc5 dxc5 21. Qe3 Nd7 22. Ra2
Qf6 23. Nf1 Kh7 24. N1d2 Bh6 25. Qe2 Nb6 26. Rea1 Reb8 27. axb5 axb5 28. Qd1
Rxa2 29. Rxa2 Ra8 30. Qa1 Qd8 31. b3 cxb3 32. Nxb3 Nd7 33. Na5 Qb6 34. c4 b4 35.
Nxb7 Rxa2 36. Qxa2 Qxb7 37. Qa4 f6 38. g3 Qc7 39. Qa6 Nb6 40. Qb5 Nc8 41. Qa6
Nd6 42. Kg2 Bf8 43. Nd2 Kg7 44. Nb3 Qb7 45. Qxb7+ 1/2-1/2

[Event "Online Olym Div3 B 2020"]
[Site "chess.com INT"]
[Date "2020.07.07"]
[Round "3.4"]
[Board "2"]
[White "Isaev, Jamshed"]
[Black "Liu, Yeh Yang"]
[Result "1-0"]
[WhiteTitle "IM"]
[WhiteElo "2296"]
[BlackElo "1988"]
[WhiteTeam "Tajikistan"]
[BlackTeam "Chinese Taipei"]
[WhiteFideId "14700050"]
[BlackFideId "16300416"]
[EventDate "2020.07.07"]
[EventType "team"]

1. e4 c6 2. d4 d5 3. exd5 cxd5 4. c4 Nf6 5. Nc3 e6 6. Nf3 Be7 7. cxd5 Nxd5 8.
Bc4 Nb6 9. Bb3 O-O 10. O-O N8d7 11. Re1 Nf6 12. Bg5 h6 13. Bh4 Re8 14. Qd3 Nfd5
15. Bxe7 Rxe7 16. Bc2 g6 17. a3 Kg7 18. Ne5 Nf4 19. Qe4 Nbd5 20. Rad1 Bd7 21.
Nxd5 Nxd5 22. Nxg6 f5 23. Qe5+ Kxg6 24. g4 Rc8 25. Bb1 Qg8 26. Kh1 Qf7 27. gxf5+
exf5 28. Qd6+ Be6 29. Re5 Rc6 30. Qd8 Kh7 31. Rg1 Rd7 32. Rxf5 Qg6 33. Qxd7+
Bxd7 34. Rxd5 Qxb1 35. Rxd7+ Kh8 36. Rxb1 Rb6 37. Re1 1-0

[Event "Online Olym Div3 B 2020"]
[Site "chess.com INT"]
[Date "2020.07.07"]
[Round "3.4"]
[Board "3"]
[White "Shih, Ching-An"]
[Black "Antonova, Nadezhda"]
[Result "0-1"]
[WhiteTitle "WFM"]
[BlackTitle "WFM"]
[WhiteElo "1582"]
[BlackElo "1877"]
[WhiteTeam "Chinese Taipei"]
[BlackTeam "Tajikistan"]
[WhiteFideId "16300653"]
[BlackFideId "14700182"]
[EventDate "2020.07.07"]
[EventType "team"]

1. e4 c5 2. Nf3 d6 3. c3 Nf6 4. Be2 Nbd7 5. d3 g6 6. O-O Bg7 7. Na3 O-O 8. Nc4
b5 9. Ne3 Bb7 10. Re1 a6 11. a4 Qc7 12. Qc2 e6 13. Bd2 Nb6 14. axb5 axb5 15. h3
h6 16. Ng4 Nxg4 17. hxg4 Nd7 18. g5 hxg5 19. Bxg5 d5 20. exd5 exd5 21. Qd2 Rfe8
22. Bf4 Qc6 23. d4 c4 24. Bf1 Nf6 25. Ne5 Qb6 26. Qc2 b4 27. g3 Nh5 28. Nd7 Qc6
29. Ne5 Qb5 30. Qd2 Nf6 31. Bg2 Ne4 32. Bxe4 dxe4 33. Ng4 Qh5 34. Ne3 g5 35. Bd6
Re6 36. Bxb4 Rh6 37. Rxa8+ Bxa8 38. Kf1 Qh1+ 39. Ke2 Qf3+ 40. Kf1 Rh1# 0-1

[Event "Online Olym Div3 B 2020"]
[Site "chess.com INT"]
[Date "2020.07.07"]
[Round "3.4"]
[Board "4"]
[White "Hotami, Mutriba"]
[Black "Chen, Chi"]
[Result "0-1"]
[WhiteElo "1837"]
[BlackElo "1588"]
[WhiteTeam "Tajikistan"]
[BlackTeam "Chinese Taipei"]
[WhiteFideId "14700204"]
[BlackFideId "16301633"]
[EventDate "2020.07.07"]
[EventType "team"]

1. e4 e6 2. d4 d5 3. Nc3 Nf6 4. e5 Nfd7 5. f4 c5 6. Nf3 Nc6 7. Bb5 cxd4 8. Nxd4
Nxd4 9. Qxd4 a6 10. Bxd7+ Bxd7 11. O-O Rc8 12. Kh1 Bc5 13. Qd1 O-O 14. Qh5 f6
15. Bd2 Be8 16. Qh3 f5 17. Rfd1 Bc6 18. Be3 Bxe3 19. Qxe3 Qh4 20. Ne2 Rfd8 21.
Nd4 Bd7 22. Rd3 Rc4 23. Rf1 Rdc8 24. Qd2 Qd8 25. Rff3 Qb6 26. b3 R4c7 27. Rh3
Bb5 28. Rc3 Bd7 29. Rxc7 Rxc7 30. Rc3 Qa5 31. Rd3 Qxa2 32. h3 Qa1+ 33. Kh2 a5
34. g4 fxg4 35. hxg4 a4 36. bxa4 Qxa4 0-1

[Event "Online Olym Div3 B 2020"]
[Site "chess.com INT"]
[Date "2020.07.07"]
[Round "3.4"]
[Board "5"]
[White "Wang, Ting-Hao"]
[Black "Ilkhomi, Jaloliddin"]
[Result "1/2-1/2"]
[WhiteElo "1737"]
[BlackElo "1875"]
[WhiteTeam "Chinese Taipei"]
[BlackTeam "Tajikistan"]
[WhiteFideId "16300602"]
[BlackFideId "14700948"]
[EventDate "2020.07.07"]
[EventType "team"]

1. c4 e6 2. Nc3 Nf6 3. e4 d6 4. d4 Be7 5. g3 O-O 6. Bg2 e5 7. Nge2 exd4 8. Nxd4
Nc6 9. O-O Be6 10. Nxc6 bxc6 11. b3 Rb8 12. Be3 Qc8 13. Bxa7 Ra8 14. Be3 Bh3 15.
Re1 Bxg2 16. Kxg2 Rd8 17. Qf3 Nd7 18. Bd4 c5 19. Nd5 Bf8 20. Bc3 c6 21. Ne3 Ne5
22. Bxe5 dxe5 23. Red1 Rd7 24. Rxd7 Qxd7 25. Rd1 Qb7 26. Rd2 Qc7 27. Qd1 Qa5 28.
a4 Rb8 29. Rd3 Qb4 30. f4 Qa3 31. f5 Qb2+ 32. Qc2 Qa1 33. Nd1 Be7 34. Qb2 Qxb2+
35. Nxb2 Bg5 36. h4 Bc1 37. Nd1 h5 38. Kf3 g5 39. Ne3 g4+ 40. Ke2 Bxe3 41. Kxe3
f6 42. Kd2 Kf8 43. Kc3 Ke7 44. Rd2 Ra8 45. Kb2 Ra7 46. Ka3 Rb7 47. Kb2 Ra7 48.
Kc3 Ra8 49. Rd1 Ra7 50. Ra1 Kd6 51. a5 Ra8 52. a6 Kc7 53. a7 Kb7 54. b4 Rxa7 55.
Rxa7+ Kxa7 56. bxc5 Kb7 57. Kb3 Ka7 58. Ka4 Kb7 59. Kb4 Ka7 60. Ka4 Ka6 61. Kb4
Kb7 62. Ka5 Ka7 63. Ka4 1/2-1/2

[Event "Online Olym Div3 B 2020"]
[Site "chess.com INT"]
[Date "2020.07.07"]
[Round "3.4"]
[Board "6"]
[White "Abrorova, Sabrina"]
[Black "Tsai, Sophie Yi-Hsuan"]
[Result "1-0"]
[WhiteElo "1788"]
[BlackElo "1131"]
[WhiteTeam "Tajikistan"]
[BlackTeam "Chinese Taipei"]
[WhiteFideId "14701553"]
[BlackFideId "16302087"]
[EventDate "2020.07.07"]
[EventType "team"]

1. d4 d5 2. c4 e6 3. Nf3 Nf6 4. Bg5 c6 5. e3 Be7 6. Nc3 O-O 7. Bd3 dxc4 8. Bxc4
b5 9. Bd3 a6 10. O-O Bb7 11. e4 Nbd7 12. e5 Nd5 13. Ne4 f6 14. exf6 N7xf6 15. h4
Nxe4 16. Bxe4 Bxg5 17. Nxg5 Qf6 18. Nxh7 Qxh4 19. Nxf8 Qxe4 20. Re1 Qh4 21. Nxe6
Nf6 22. Qf3 Ng4 23. Qg3 Qxg3 24. fxg3 Nf6 25. Nxg7 Kxg7 26. Re7+ Kg6 27. Rxb7
Ne4 28. Rc7 Nxg3 29. Rxc6+ Kf5 30. Re1 Rf8 31. Rxa6 Kf4 32. Rb6 Ne4 33. Rxb5 Rc8
34. Re5 Ng3 35. d5 Rh8 36. d6 Rh1+ 37. Kf2 Rxe1 38. Rxe1 Ne4+ 39. Rxe4+ Kxe4 40.
d7 Ke5 41. d8=Q Ke4 42. Qe8+ Kd4 43. Qe3+ Kd5 44. Qf4 Ke6 45. Qg5 Kd6 46. Qf5
Kc6 47. Qe5 Kb6 48. Qd5 Kc7 49. Qe6 Kb7 50. Qd6 Ka7 51. Qc6 Kb8 52. Qd7 Ka8 53.
g4 Kb8 54. g5 Ka8 55. g6 Kb8 56. g7 Ka8 57. g8=R# 1-0

[Event "Online Olym Div3 B 2020"]
[Site "chess.com INT"]
[Date "2020.07.08"]
[Round "4.1"]
[Board "3"]
[White "Arakhamia-Grant, Ketevan"]
[Black "Ofowino, Toritsemuwa"]
[Result "1-0"]
[WhiteTitle "GM"]
[WhiteElo "2380"]
[BlackElo "1793"]
[WhiteTeam "Scotland"]
[BlackTeam "Nigeria"]
[WhiteFideId "13600168"]
[BlackFideId "8504377"]
[EventDate "2020.07.07"]
[EventType "team"]

1. e4 d6 2. d4 Nf6 3. Nc3 c6 4. Nf3 Bg4 5. h3 Bh5 6. Be2 e6 7. Bg5 Be7 8. Qd2
Bxf3 9. gxf3 Nbd7 10. Rg1 Qb6 11. Be3 g6 12. O-O-O O-O-O 13. f4 Qc7 14. Kb1 Kb8
15. Bd3 Rhe8 16. e5 Nd5 17. Nxd5 exd5 18. f3 a6 19. Qf2 Rc8 20. c4 dxc4 21. Bxc4
d5 22. Bb3 Nf8 23. f5 Nd7 24. f6 Bf8 25. h4 h5 26. Rc1 Qb6 27. Rge1 Bb4 28. Bd2
Bxd2 29. Qxd2 Nf8 30. f4 Ne6 31. Red1 Rg8 32. Qf2 Rh8 33. Bc2 Rce8 34. f5 gxf5
35. Bxf5 Qc7 36. Rg1 Qb6 37. Rcd1 Qc7 38. Rg3 Qd7 39. Rdg1 Qc7 40. a3 Qb6 41.
Bxe6 Rxe6 42. Rg7 Qc7 43. Qf5 Ree8 44. R1g5 Qb6 45. Qf4 Qb3 46. Rg3 Qb6 47. Rxf7
Ka7 48. Rgg7 Rb8 49. e6 Qb3 50. Rg3 Qd1+ 51. Ka2 Qe2 52. e7 Qe6 53. Rfg7 c5 54.
Qe5 Qd7 55. f7 1-0

[Event "Online Olym Div3 B 2020"]
[Site "chess.com INT"]
[Date "2020.07.08"]
[Round "4.1"]
[Board "5"]
[White "Abdulla, Murad"]
[Black "Okeke Issac"]
[Result "1-0"]
[WhiteTitle "FM"]
[WhiteElo "2287"]
[BlackElo "2052"]
[WhiteTeam "Scotland"]
[BlackTeam "Nigeria"]
[WhiteFideId "2403757"]
[BlackFideId "8508526"]
[EventDate "2020.07.07"]
[EventType "team"]

1. e4 c5 2. Nf3 d6 3. d4 cxd4 4. Nxd4 Nf6 5. Nc3 a6 6. h3 e5 7. Nde2 Be7 8. a4
Nc6 9. g4 Be6 10. Bg2 Rc8 11. O-O O-O 12. Be3 h6 13. Qd2 b5 14. axb5 axb5 15.
Nd5 Bxd5 16. exd5 Nb8 17. Nc3 b4 18. Na2 Na6 19. Nc1 Ra8 20. Nb3 e4 21. Na5 Nc7
22. Nc6 Qd7 23. Nxb4 Qb5 24. Rxa8 Rxa8 25. Rd1 Rb8 26. Nc6 Re8 27. Nb4 Rb8 28.
c3 Bf8 29. g5 hxg5 30. Bxg5 Nd7 31. Bxe4 Nc5 32. Bg2 Re8 33. Be3 Ne4 34. Qd3 Qd7
35. Bxe4 Qxh3 36. Bg2 Qg4 37. Qd4 Re4 38. Qd3 Re5 39. Qd4 Qg6 40. Nd3 Rxd5 41.
Qe4 Qh5 42. Qf3 Qg6 43. Nf4 Rxd1+ 44. Qxd1 Qf5 45. Qd3 Qg4 46. b4 Qh4 47. b5 d5
48. b6 Ne6 49. Nxe6 fxe6 50. Qg6 Qe7 51. b7 Qxb7 52. Qxe6+ Kh8 53. Bxd5 Qb1+ 54.
Kg2 Qh7 55. Qf7 Qh4 56. Qg8# 1-0

[Event "Online Olym Div3 B 2020"]
[Site "chess.com INT"]
[Date "2020.07.08"]
[Round "4.1"]
[Board "6"]
[White "Onoja, Iyefu Joy"]
[Black "Espinosa Cancino, Monica"]
[Result "0-1"]
[WhiteElo "1768"]
[BlackElo "1666"]
[WhiteTeam "Nigeria"]
[BlackTeam "Scotland"]
[WhiteFideId "8501181"]
[BlackFideId "22253025"]
[EventDate "2020.07.07"]
[EventType "team"]

1. d4 d5 2. b3 Nf6 3. Bb2 e6 4. e3 Bd6 5. Nf3 O-O 6. Bd3 Nbd7 7. O-O Re8 8. c4
c6 9. Nbd2 e5 10. dxe5 Nxe5 11. Nxe5 Bxe5 12. Bxe5 Rxe5 13. Nf3 Re7 14. Rc1 Bg4
15. h3 Bh5 16. Be2 dxc4 17. Rxc4 Rd7 18. Nd4 Bg6 19. Qc1 Qe7 20. Rd1 Rad8 21.
Rf1 Rd6 22. Qa3 R6d7 23. Qb2 h5 24. a3 Rd5 25. Nf3 Bd3 26. Bxd3 Rxd3 27. Rd4
R3xd4 28. Nxd4 c5 29. Nf5 Qe6 30. Ng3 Rd6 31. Qc3 b6 32. a4 h4 33. Ne2 Nd5 34.
Qc4 Nb4 35. Qxh4 Qxb3 36. Qe7 Re6 37. Qxa7 Nc6 38. Qa8+ Kh7 39. Nf4 Rf6 40. Nh5
Rh6 41. Qe8 Qe6 42. Qxe6 Rxe6 43. Nf4 Re4 44. Ra1 Rb4 45. Nd5 Rb2 46. Nc3 Na5
47. Nb5 c4 48. Rc1 Rb4 49. Nc3 Nb7 50. Kf1 Nc5 51. Ke2 Nxa4 52. Nxa4 Rxa4 53. e4
b5 54. Kd2 Ra7 55. Kc3 Re7 56. Kb4 Rxe4 57. Kxb5 Re2 58. Rxc4 Rxf2 59. Rg4 g6
60. Kc4 f5 61. Rg5 Kh6 62. Rg3 Kh5 63. Kd3 Ra2 0-1

[Event "Online Olym Div3 B 2020"]
[Site "chess.com INT"]
[Date "2020.07.08"]
[Round "4.2"]
[Board "1"]
[White "Isaev, Jamshed"]
[Black "Thilakarathne, G M H"]
[Result "0-1"]
[WhiteTitle "IM"]
[BlackTitle "FM"]
[WhiteElo "2296"]
[BlackElo "2398"]
[WhiteTeam "Tajikistan"]
[BlackTeam "Sri Lanka"]
[WhiteFideId "14700050"]
[BlackFideId "9912053"]
[EventDate "2020.07.07"]
[EventType "team"]

1. e4 c5 2. Nf3 d6 3. d4 cxd4 4. Nxd4 Nf6 5. Nc3 a6 6. Bc4 e6 7. Bb3 Nbd7 8. Bg5
Nc5 9. f4 h6 10. Bh4 Be7 11. Qf3 Qc7 12. O-O-O b5 13. e5 Bb7 14. Qe2 dxe5 15.
fxe5 Nfe4 16. Nxe4 Bxe4 17. Bxe7 Kxe7 18. Rhf1 Rhd8 19. Qh5 Bg6 20. Qh4+ Ke8 21.
Rd2 Rac8 22. c3 b4 23. Rf3 Qxe5 24. Re2 Rxd4 25. Qe1 Re4 26. Rxe4 Qxe4 0-1

[Event "Online Olym Div3 B 2020"]
[Site "chess.com INT"]
[Date "2020.07.08"]
[Round "4.2"]
[Board "2"]
[White "Liyanage, Ranindu Dilshan"]
[Black "Khusenkhojaev, Mustafokhuja"]
[Result "1-0"]
[WhiteTitle "CM"]
[WhiteElo "2181"]
[BlackElo "2255"]
[WhiteTeam "Sri Lanka"]
[BlackTeam "Tajikistan"]
[WhiteFideId "9915834"]
[BlackFideId "14700727"]
[EventDate "2020.07.07"]
[EventType "team"]

1. e4 e5 2. Nf3 Nc6 3. Bb5 a6 4. Ba4 Nf6 5. O-O Be7 6. d3 b5 7. Bb3 d6 8. a3 O-O
9. Nc3 Na5 10. Ba2 Be6 11. b4 Bxa2 12. Rxa2 Nc6 13. Bg5 a5 14. Rb2 axb4 15. axb4
Qb8 16. Bxf6 Bxf6 17. Nd5 Bd8 18. c4 Ne7 19. Qc2 c6 20. Ne3 Bb6 21. c5 dxc5 22.
bxc5 Bc7 23. h3 Rd8 24. Rd1 h6 25. Ng4 Rd7 26. Rb3 Ra4 27. Re1 Ng6 28. g3 Qa7
29. h4 Ra2 30. Qb1 h5 31. Ne3 Ra3 32. Rc1 Qa4 33. Rb4 Qa7 34. Rb3 Nf8 35. Ng5 g6
36. Qb2 Ra2 37. Qb1 Bd8 38. Nc2 Bxg5 39. hxg5 Qxc5 40. Qxa2 Ne6 41. Qb2 Nxg5 42.
Nb4 Qf8 43. Nxc6 h4 44. Nxe5 Re7 45. Rxb5 hxg3 46. fxg3 Qg7 47. Ng4 Nf3+ 48. Kg2
Nd4 49. Rb8+ Kh7 50. Rh1+ 1-0

[Event "Online Olym Div3 B 2020"]
[Site "chess.com INT"]
[Date "2020.07.08"]
[Round "4.2"]
[Board "3"]
[White "Antonova, Nadezhda"]
[Black "Pavalachandran, Ashvini"]
[Result "1-0"]
[WhiteTitle "WFM"]
[WhiteElo "1877"]
[BlackElo "1713"]
[WhiteTeam "Tajikistan"]
[BlackTeam "Sri Lanka"]
[WhiteFideId "14700182"]
[BlackFideId "9932518"]
[EventDate "2020.07.07"]
[EventType "team"]

1. Nf3 Nf6 2. g3 g6 3. b3 Bg7 4. Bb2 O-O 5. Bg2 d6 6. d4 c5 7. O-O Nfd7 8. c4
Nc6 9. e3 Rb8 10. Nc3 b6 11. Qd2 a6 12. a4 Na5 13. Qc2 Nc6 14. Rfd1 Nb4 15. Qe2
Nc6 16. Rac1 Na5 17. Qc2 Nc6 18. Rd2 Bb7 19. Rcd1 Nb4 20. Qb1 Nc6 21. Nd5 Na5
22. Bc3 Bxd5 23. cxd5 b5 24. Rb2 b4 25. Be1 Qb6 26. h4 cxd4 27. Nxd4 Nc5 28. h5
Qd8 29. Bf1 Qd7 30. f3 Bh6 31. Bf2 Bg7 32. Kh2 Be5 33. Bh3 Qb7 34. Bf1 Qd7 35.
Be2 Qb7 36. Kg2 Qxd5 37. e4 Qb7 38. Rh1 Nd7 39. f4 Bh8 40. Bf3 e5 41. hxg6 fxg6
42. Ne6 Rf6 43. f5 Nf8 44. Ng5 Qe7 45. g4 Qc7 46. Rc2 Qd7 47. Rhc1 Rb7 48. Rc8
h6 49. Nh3 g5 50. Qc2 Rf7 51. Be2 Bf6 52. Bxa6 Nxb3 53. Qxb3 Rc7 54. R8xc7 Qe8
55. Rxf7 Qxf7 56. Bc4 d5 57. Bxd5 1-0

[Event "Online Olym Div3 B 2020"]
[Site "chess.com INT"]
[Date "2020.07.08"]
[Round "4.2"]
[Board "4"]
[White "Ranasinghe, S D"]
[Black "Hotami, Mutriba"]
[Result "1-0"]
[WhiteTitle "WIM"]
[WhiteElo "1752"]
[BlackElo "1837"]
[WhiteTeam "Sri Lanka"]
[BlackTeam "Tajikistan"]
[WhiteFideId "9902651"]
[BlackFideId "14700204"]
[EventDate "2020.07.07"]
[EventType "team"]

1. Nf3 Nf6 2. g3 g6 3. Bg2 Bg7 4. O-O O-O 5. c4 d6 6. d4 Nc6 7. Nc3 e5 8. dxe5
dxe5 9. e4 Bg4 10. Qxd8 Raxd8 11. Be3 a6 12. h3 Be6 13. b3 Rd3 14. Rac1 Rfd8 15.
Ne1 R3d7 16. Nd5 Nd4 17. Kh2 Ne8 18. Nd3 b6 19. c5 Bxd5 20. exd5 bxc5 21. Nxc5
Re7 22. Nxa6 e4 23. Nb4 Ra8 24. Bxd4 Bxd4 25. Nc6 Bf6 26. Nxe7+ Bxe7 27. Rfe1
Bd6 28. Rxe4 Nf6 29. Re2 Ra5 30. Rd1 Kf8 31. Bf3 Nd7 32. Kg2 Nc5 33. b4 1-0

[Event "Online Olym Div3 B 2020"]
[Site "chess.com INT"]
[Date "2020.07.08"]
[Round "4.2"]
[Board "5"]
[White "Ilkhomi, Jaloliddin"]
[Black "De Silva, L M S T"]
[Result "0-1"]
[BlackTitle "FM"]
[WhiteElo "1875"]
[BlackElo "2154"]
[WhiteTeam "Tajikistan"]
[BlackTeam "Sri Lanka"]
[WhiteFideId "14700948"]
[BlackFideId "9953698"]
[EventDate "2020.07.07"]
[EventType "team"]

1. d4 Nf6 2. Bf4 e6 3. e3 d5 4. Nd2 Bd6 5. Bg3 O-O 6. Ngf3 c5 7. c3 b6 8. Bd3
Nc6 9. Ne5 Bb7 10. f4 Ne7 11. Qf3 Nf5 12. Bf2 Be7 13. Bxf5 exf5 14. O-O-O Ne4
15. Qe2 c4 16. Rdg1 f6 17. Nef3 b5 18. Nxe4 fxe4 19. Ne1 a5 20. Qd1 Bc6 21. Kd2
b4 22. Ke2 Qb6 23. g3 bxc3 24. bxc3 Qb2+ 25. Kf1 Qxa2 26. Kg2 Rab8 27. Rf1 a4
28. Kg1 a3 29. Ng2 Qb3 30. h3 Qxd1 31. Rxd1 Rb2 32. Nh4 Rfb8 33. Kg2 a2 34. Ra1
Rc2 35. Nf5 Bf8 36. g4 Rbb2 37. Rhf1 Rxc3 38. g5 g6 39. Ng3 f5 40. Kg1 Ra3 41.
Rfc1 c3 42. Be1 Bb4 43. Kf1 Bb5+ 44. Kg1 Bd3 45. Nh1 Rb1 0-1

[Event "Online Olym Div3 B 2020"]
[Site "chess.com INT"]
[Date "2020.07.08"]
[Round "4.2"]
[Board "6"]
[White "Jayaweera, Sayuni Gihansa"]
[Black "Abrorova, Sabrina"]
[Result "0-1"]
[WhiteTitle "WCM"]
[WhiteElo "1698"]
[BlackElo "1788"]
[WhiteTeam "Sri Lanka"]
[BlackTeam "Tajikistan"]
[WhiteFideId "9917314"]
[BlackFideId "14701553"]
[EventDate "2020.07.07"]
[EventType "team"]

1. d4 Nf6 2. c4 g6 3. Nc3 Bg7 4. e4 d6 5. f3 O-O 6. Bg5 c5 7. d5 e6 8. Qd2 Qa5
9. Nge2 exd5 10. cxd5 b5 11. Nc1 a6 12. Be2 Nbd7 13. O-O c4 14. Rb1 Qc7 15. Be3
Nc5 16. Bd4 Bd7 17. Kh1 Rac8 18. b4 Nb7 19. f4 Ne8 20. Bxg7 Nxg7 21. Qd4 Rfe8
22. Bf3 f5 23. N1e2 fxe4 24. Nxe4 Kh8 25. N2g3 Qd8 26. Nf6 Re7 27. Nxd7 Qxd7 28.
f5 gxf5 29. Nxf5 Re5 30. Nxg7 Qxg7 31. Rbe1 Rce8 32. Rxe5 Qxe5 33. Qb6 Nd8 34.
g3 Rf8 35. Qg1 Nf7 36. Bg2 Kg8 37. Rf4 Nh6 38. Rxf8+ Kxf8 39. Qf2+ Kg7 40. Qa7+
Nf7 41. h3 Qe1+ 42. Kh2 Qxb4 43. Qd4+ Ne5 44. Qa7+ Nf7 45. Qd4+ Ne5 46. Qa7+ Kf6
47. Qb8 c3 48. Qh8+ Ke7 49. Qxh7+ Kd8 50. Qg8+ Kc7 51. Qg7+ Kb6 52. Qe7 c2 53.
Qd8+ Kb7 54. Qe7+ Kb8 55. Qd8+ Kb7 56. Qe7+ Kc8 57. Qe8+ Kc7 58. Qe7+ Nd7 59.
Qg5 Qb2 60. Qe3 c1=Q 61. Qa7+ Kd8 62. Qxa6 Qf1 63. Qa8+ Ke7 0-1

[Event "Online Olym Div3 B 2020"]
[Site "chess.com INT"]
[Date "2020.07.08"]
[Round "4.3"]
[Board "1"]
[White "Sultan, Ibrahim"]
[Black "Song, Raymond"]
[Result "1-0"]
[WhiteTitle "IM"]
[BlackTitle "IM"]
[WhiteElo "2076"]
[BlackElo "2485"]
[WhiteTeam "United Arab Emirates"]
[BlackTeam "Chinese Taipei"]
[WhiteFideId "9301143"]
[BlackFideId "3203824"]
[EventDate "2020.07.07"]
[EventType "team"]

1. d4 Nf6 2. c4 e6 3. Nf3 a6 4. Nc3 d5 5. cxd5 exd5 6. Bf4 Bd6 7. Bg5 Be6 8. e3
Nbd7 9. Bd3 c6 10. O-O Qc7 11. Bh4 O-O 12. Rc1 Rfe8 13. Bg3 Bg4 14. Be2 Bxg3 15.
hxg3 Qd6 16. Nh4 h5 17. Qc2 Nf8 18. Bd3 g6 19. Nf3 Bxf3 20. gxf3 Kg7 21. Kg2 Ne6
22. Rfd1 Rh8 23. Rh1 Rae8 24. Ne2 Ng5 25. Nf4 Rh6 26. Rh2 Nd7 27. Rd1 Qf6 28.
Be2 Rhh8 29. Qb3 Qd6 30. Rd2 b5 31. Qc2 Nf6 32. Nd3 Ne6 33. Rd1 Rc8 34. f4 Ne4
35. b4 Nf8 36. Nc5 Nxc5 37. dxc5 Qf6 38. e4 dxe4 39. Qxe4 Ne6 40. Rd6 Rhe8 41.
Qf3 Qb2 42. f5 Ng5 43. Qf4 Rxe2 44. f6+ Kg8 45. Rh1 Qe5 46. Qxe5 Rxe5 47. f4
Re2+ 48. Kf1 Rxa2 49. fxg5 Rb2 50. Rh4 Re8 51. Rhd4 Re3 52. Rd8+ Kh7 53. R4d7
Rf3+ 54. Ke1 Rxf6 55. gxf6 Rxb4 56. Rxf7+ Kh6 57. Re7 1-0